01589nam a2200373 a 4500001001000000003000500010005001700015008004100032010001100073011001100084040000900095090001000104100003600114245017900150260004100329500006000370502010900430590003700539590004100576590004000617590004000657650003600697650002300733650002700756650002800783856001600811856007000827901000700897942001000904942000600914999001900920952014000939952013601079000110899CHAP20220329144150.0141020s2014 mx a fsm |||||||spa d a107361 a108333 cCHAP aTesis1 aCamacho Gómez, Susana912865710aEvaluación de 10 códigos de rosa (Rosa sp) para su registro a nombre comercial, en Los Morales, Tenancingo, Estado de México.h[En línea]cpor Susana Camacho Gómez. aChapingo, Méx. :bEl autor,c2014. aPara ver el contenido del material haga clic en la liga aTesis (Ing. Agr. Esp. en Parasitología Agrícola) -- UACH. Departamento de Parasitología Agrícola aBATCHb00c20181121lUCH01h0759 aE11695DGDb10c20141021lUCH01h0923 aE5995AHEb05c20141020lUCH01h1150 aE5995AHEb05c20141020lUCH01h115014aCultivos en invernadero.93037614aGenética.94746914aRosasxCalidad.99996114aRosasxMercadeo.999978 a1 n0001168 aFinding aiduhttp://10.13.5.2/tesis/sist110899.pdfzTeclea aquí aBK cTESIS n0 c107361d107361 00102local4053708TESISaBCbBCcPA_TESISd2014-10-20fTESISl0oTesisp33724002425347r2019-12-31 00:00:00tc.2w2019-12-31yTESIS 00104054718TESISaBCbBCd2014-10-20fTESISl0oTesisp33724002425389r2019-12-31 00:00:00w2019-12-31yTESISzRecien adquirido